Itinerario en julio (Registro nro. 76671)

Detalles MARC
000 -CABECERA
fixed length control field 00480nam a22002057a 4500
003 - IDENTIFICADOR DEL NUMERO DE CONTROL
control field bpm
005 - FECHA Y HORA DE LA ULTIMA TRANSACCION
control field 20260421084933.0
008 - ELEMENTOS DE LONGITUD FIJA -- INFORMACION GENERAL
fixed length control field 260421b |||||||| |||| 00| p spa d
020 ## - NUMERO INTERNACIONAL NORMALIZADO PARA LIBROS
Número Internacional Normalizado para Libros 9509635049
024 ## - OTRO IDENTIFICADOR NORMALIZADO
Número o código normalizado S. C. C. / M. C. y E. M.:
040 ## - FUENTE DE CATALOGACION
Código de la agencia catalogadora original AR-CtUCP
041 ## - LANGUAGE CODE
Código de Idioma para texto o pista de sonido o título separado spa
080 ## - CLASIFICACIÓN DECIMAL UNIVERSAL
Clasificación Decimal Universal CDU
100 ## - ASIENTO PRINCIPAL--NOMBRE PERSONAL
Nombre del autor personal Herrera Juan Carlos
245 ## - MENCION DE TITULO
Ti­tulo Itinerario en julio
260 ## - PUBLICACION, DISTRIBUCION, ETC. (PIE DE IMPRENTA)
Lugar San Juan
Editor Martín
Fecha 1992
650 ## - SASIENTO SECUNDARIO DE MATERIA - TERMINO TEMATICO
Término controlado Literatura - Poesía
942 ## - TIPO DE MATERIAL
Tipo de I­tem LIBRO
Existencias
Estado Perdido Estado de Daño Ubicacion Permanente Ubicacion Actual Sala Fecha de Adquisicion Signatura Topografica Completa Numero de Inventario Date last seen Tipo de Ejemplar
    Biblioteca Regional de Poesía Biblioteca Regional de Poesía Biblioteca 21/04/2026 82 HER i P 135 21/04/2026 LIBRO